000 00712nam a22001697a 4500
008 241030t2001 xxk|||||r|||| 00| 0 eng d
041 _aeng
110 _aRoyal Institution of Chartered Surveyors
245 _aThree year business plan 2000-2003
_b2001 revision
260 _aLondon,
_bRoyal Institution of Chartered Surveyors,
_cAugust 2001
300 _a8p.
520 _aThe first three year business plan for 'new RICS' is focused on increasing the status of the profession in business and society and focusing on the needs of members for efficient and high added value services.
651 _aInternational
690 _aRICS
_96277
710 _aRoyal Institution of Chartered Surveyors
942 _n0
999 _c122045
_d122045